000 00797nam a22002177a 4500
005 20240530110514.0
008 160103s2013 ua a g 000 0 ara d
017 _a2012/14879
020 _a9789776413023
040 _aEG-CaGPL
082 0 4 _221
_a212.2\
_bج ز
100 0 _aجيهان الطاهر محمد عبدالحليم .
245 1 0 _aزينة البيت الحديث :
_bمن منظورشرعى /
_cجيهان الطاهر محمد عبدالحليم .
250 _aط1.
260 _aالاسكندرية :
_bدار الوفاء لدنيا الطباعة و النشر ،
_c2013 .
300 _a119 ص ؛
_c24 سم .
650 0 4 _aالزينة ، علم .
650 0 4 _aالشريعة الاسلامية .
942 _2ddc
_cBK
999 _c61742
_d61742